00515nam a22002057a 450000500170000001000110001702000100002803500110003803700160004904000120006508200130007710000200009024500650011026000400017527000110021530000210022650000200024765000210026765000210028820170124110007.0 a356598 c00.00 a356598 bCen Lib/Ret aDPLbEN a355bHEI aHeilbrunn, Otto aConventional warfare in the nuclear age /cby Otto Heilbrunn aLondonbGeorge Allen & Unwin c1965 bLondon a165p. c21cm(Hb) aIncludes index  aMilitary policy. aNuclear warfare.